| 000 | 00345nam a22001457a 4500 | ||
|---|---|---|---|
| 008 | 210309b ||||| |||| 00| 0 eng d | ||
| 020 | _a9781285733630 | ||
| 041 | _aeng | ||
| 080 |
_29th _a37 |
||
| 082 |
_29th _a37 |
||
| 100 | _a25 | ||
| 101 | _aEDU | ||
| 245 |
_aHealth,Safety,and Nutrition for the Toung Child _cMarotz,R.L |
||
| 942 |
_2udc _cBK |
||
| 999 |
_c56069 _d56069 |
||